000 00573nam a2200193 a 4500
001 BRCA_2674
005 20190320203923.0
008 021208s1932----sp-a---###---#000-0#spa-#
050 4 _aNK4124
_b.C47 1932
245 1 0 _aCerámica catalana, Teruel y de Valencia
_cnota descriptiva por Ramón Revilla Vielva.
260 _aMadrid
_bBlass
_c1932
300 _a5 p.
_bil.
_c23 cm.
501 _aA120
650 1 4 _aCerámica
_zEspaña
_97589
700 1 _aRevilla Vielva, Ramón
_97590
710 2 _aMuseo Arqueológico Nacional (Madrid)
_97332
902 _aGFM
942 _2lcc
_cB
999 _c2414
_d2414